000 01310njm a2200289 a 4500
003 BLK
005 20241024135750.0
007 sd bmmalaaahaa
008 221104b bu |||||s|||| 00| | bu d
028 _aBCA 1353
040 _aBLK
041 _aBUL
_cBUL
080 _aСимфонии. За симфоничен оркестър
_b785.11.082.1
_x(086.72)
_z785.11.082.1(086.72)
100 _91299
_aРайчев, Александър Иванов
_d1922-2003
_eпърви автор
245 _aЛайпциг 33
_bСимфонични моменти
245 _aСимфония № 2
_cАлександър Райчев, Пенчо Стоянов ; Симфоничен оркестър на КТР, дир. Васил Стефанов
260 _aСофия
_bБалкантон
_cб. г.
_9210374
300 _a1 грамофонна плоча
_b33 об/мин, стерео
_c30 см
380 _a7
653 _9196603
_aсимфонии
700 _aСтоянов, Пенчо Цветанов
_d1931 - 2020
_gБълг. композитор
_9254297
700 _9540
_aСтефанов, Васил
_eдиригент
852 _aФ ІІ 2026
_bЦб
856 _i0.00
_ldisable
942 _cGPL
_n0
944 _cВася Ганчева
_k30560
_lГеновева Генчева
_a30549
999 _c518271
_d518271